| 000 | 00842nam a22002417a 4500 | ||
|---|---|---|---|
| 999 |
_c153406 _d153406 |
||
| 005 | 20190715112525.0 | ||
| 010 | _aENG-123382 B-728349 | ||
| 020 |
_c595.00 _a9789352832224 |
||
| 035 | _aEN-106914 | ||
| 035 | _aB-728349 | ||
| 037 | _bDBAD/PUB | ||
| 037 | _bRK Books | ||
| 082 | _a513 | ||
| 100 | _aAggarwal,R. S. | ||
| 245 | 0 | 0 |
_aObjective arithmetic: S.S.C. and railway exam special / _cby R.S. Aggarwal |
| 250 | _arev. ed | ||
| 260 |
_aNew Delhi _bS. Chand _c2018 |
||
| 270 |
_a7361, Ram Nagar _bNew Delhi _e110055 |
||
| 300 |
_a538p.: _c27cm(pbk) _bill. |
||
| 500 | _aIt includes Additional questions with answers | ||
| 942 |
_2ddc _cEN _mAGG _h513 |
||